000 00412nam a2200181Ia 4500
005 20240521100813.0
008 131103s9999 xx 000 0 und d
020 _cRs.2.75
040 _aLoreto College
041 _aEnglish
082 _a510
_bNCE
245 _aArithmetic algebra
260 _aNew Delhi
_bNCERT
_c1968
300 _aviii,191p.
650 _aMathematics
850 _aLCBED
942 _cBK
999 _c28292
_d78771